Cenotvorba a životný cyklus produktu v MSP
Životný cyklus produktu. Typický priebeh životného cyklu produktu. Fázy životného cyklu produktu. Cenové stratégie produktu. Cenotvorba produktu.
Uložené v:
| Hlavný autor: | |
|---|---|
| Médium: | Kapitola |
| Jazyk: | Slovak |
| Predmet: | |
| Tagy: |
Žiadne tagy, Buďte prvý, kto otaguje tento záznam!
|
MARC
| LEADER | 00000nla a2200000 4500 | ||
|---|---|---|---|
| 001 | 0205412 | ||
| 005 | 20240502083515.7 | ||
| 041 | 0 | |a slo | |
| 044 | |a CZ | ||
| 245 | 1 | 0 | |a Cenotvorba a životný cyklus produktu v MSP |c Simona Kosztanko |
| 520 | |a Životný cyklus produktu. Typický priebeh životného cyklu produktu. Fázy životného cyklu produktu. Cenové stratégie produktu. Cenotvorba produktu. | ||
| 610 | 2 | 0 | |a cyklus výrobku životný |
| 610 | 2 | 0 | |a produkty |
| 610 | 2 | 0 | |a výrobky |
| 610 | 2 | 0 | |a ceny |
| 610 | 2 | 0 | |a tvorba cien |
| 610 | 2 | 0 | |a podnik malý |
| 610 | 2 | 0 | |a podnik stredný |
| 100 | 1 | |a Kosztanko, Simona, 1988- | |